|
|
|
|
| LEADER |
00978nam a22002892a 4500 |
| 001 |
001238598 |
| 003 |
CZ BrMZK |
| 005 |
20140707140212.0 |
| 007 |
ta |
| 008 |
120812s1976 xr er|||||||||||cze d |
| 015 |
|
|
|a cnb000152768
|
| 035 |
|
|
|a (OCoLC)42124032
|
| 040 |
|
|
|a ABA001
|b cze
|c KLG001
|d ABA001
|
| 080 |
9 |
|
|a 885-312.4
|
| 100 |
1 |
|
|a Volák, Josef,
|d 1942-
|7 jk01150447
|4 aut
|
| 245 |
1 |
0 |
|a Vrah v šarlatu /
|c Josef Volák
|
| 250 |
|
|
|a 2. vyd.
|
| 260 |
|
|
|a [Ústí nad Labem] :
|b Severočeské nakladatelství,
|c 1976
|
| 300 |
|
|
|a 238, [2] s. ;
|c 8°
|
| 490 |
1 |
|
|a Labyrint ;
|v sv. 13
|
| 500 |
|
|
|a 44000 výt.
|
| 830 |
|
0 |
|a Labyrint (Severočeské nakladatelství)
|0 s
|
| 856 |
4 |
1 |
|u http://www.digitalniknihovna.cz/mzk/uuid/uuid:7dbca1c0-7775-11e3-b0d1-005056827e51
|y Digitalizovaný dokument
|x NDK
|
| 910 |
|
|
|a BOA001
|b D-0639.941-76
|
| 990 |
|
|
|a BK
|
| 991 |
|
|
|b 201208
|
| 996 |
6 |
|
|b 2619530933
|c D-0639.941-76
|l MZK
|r Sklad / do 24 hodin
|n 0
|w 001272579
|u 000010
|a 1
|e BOA001
|j MZK50
|s P
|